| 000 | 00586nam a22002537a 4500 | ||
|---|---|---|---|
| 001 | 25278 | ||
| 003 | UA-OsUOA | ||
| 005 | 20221220161549.0 | ||
| 007 | ta | ||
| 008 | 20040330b un ||||| |||| 00| 0 ukr d | ||
| 020 | _a966-543-081-5 | ||
| 040 |
_aUA-OsUOA _bukr _cUA-OsUOA _dUA-OsUOA |
||
| 041 | _aukr | ||
| 044 | _aUA | ||
| 080 | _a165.9 | ||
| 090 |
_a165.9 _bК31 |
||
| 100 | _aКаюа Р. | ||
| 245 |
_aЛюдина та сакральне _cР. Каюа |
||
| 260 |
_aКиїв _bВаклер _c2003 |
||
| 300 | _a256 с. | ||
| 650 | 7 | _2UDC | |
| 942 |
_cBK _2udc |
||
| 955 | _a0 | ||
| 999 |
_c311571 _d311571 |
||